LEADER 00970nam0-22003011i-450- 001 990002051000403321 005 20021010 035 $a000205100 035 $aFED01000205100 035 $a(Aleph)000205100FED01 035 $a000205100 100 $a20021010d--------km-y0itay50------ba 101 0 $aita 200 1 $aAtti del Congresso Nazionale della Floricoltura Italiana. Sanremo, 9-11 maggio 1948 210 $aSanremo$cAzienda Autonoma di Soggiorno$d1948 215 $a193 p.$d25 cm 610 0 $aCongressi Vari 610 0 $aFloricoltura Congressi 676 $a635.9 710 12$aCongresso nazionale della floricoltura italiana$f<1948 ;$eSanremo>$0360790 801 0$aIT$bUNINA$gRICA$2UNIMARC 901 $aBK 912 $a990002051000403321 952 $a61 VII A.3/23$b6824 (18/3/1998)$fDAGEN 959 $aDAGEN 996 $aAtti del Congresso Nazionale della Floricoltura Italiana. Sanremo, 9-11 maggio 1948$9406750 997 $aUNINA DB $aING01 LEADER 01094nam0-2200361---450 001 990009338890403321 005 20201102125835.0 010 $a978-88-7220-253-1 035 $a000933889 035 $aFED01000933889 035 $a(Aleph)000933889FED01 035 $a000933889 100 $a20110407d2008----km-y0itay50------ba 101 0 $aita 102 $aIT 105 $aa-------001yy 200 1 $aErbe infestanti delle colture agrarie$ericonoscimento, biologia e lotta$fGiovanni Campagna, Gabriele Rapparini 210 $aVerona$cL'informatore agrario$dc2008 215 $aV, 601 p.$cill.$d24 cm 610 0 $aErbe infestanti 610 0 $aPiante infestanti 676 $a581.65$v20$zita 676 $a632.5$v23$zita 700 1$aCampagna,$bGiovanni$0510650 701 1$aRapparini,$bGabriele$072687 801 0$aIT$bUNINA$gRICA$2UNIMARC 901 $aBK 912 $a990009338890403321 952 $a60 632.5 CAMG 2008$b12410$fFAGBC 952 $a60 581.65 B 11$b13978$fFAGBC 959 $aFAGBC 996 $aErbe infestanti delle colture agrarie$9766914 997 $aUNINA